000 00463 a2200121 4500
001 ART_3717
005 20260410161717.0
008 260409a
245 1 0 _aIncidencia y características productivas de los grandes terratenientes bonaerenses durante la vigencia del régimen de Convertibilidad
100 1 _aBasualdo, Eduardo M.
700 1 _aArceo, Nicolás
773 0 _tDesarrollo económico
_g- Vol. 45, Nº 177 (abr./jun. 2005)
_wREV1174
999 _c16648
_d16648